Missing Word: George the Fourth Quiz Stats

 Plays Quiz Updated May 21, 2016

Challenge
Share
Tweet
Embed
Score 0/20 Timer 03:00
0 Plays Today
Clue Word % Correct
Night of the _____ DeadLiving
97%
'Believe it or _____, George isn't at home...'Not
96.2%
Do You Really _____ to Hurt Me?Want
96%
Who's Afraid of _____ Woolf?Virginia
95.4%
An American in _____ Paris
94.3%
All My Ex's _____ In TexasLive
91.6%
On Her Majesty's _____ ServiceSecret
90%
Here Comes the _____ Sun
88.6%
Up in the _____Air
87.2%
A Game of _____ Thrones
87.2%
Clue Word % Correct
'Rumble in the _____'Jungle
84.8%
Mad Max Beyond _____ Thunderdome
70.7%
The Trumpet Shall _____ Sound
57.8%
They Might Be _____ Giants
54.5%
The Steadfast Tin _____ Soldier
53.6%
Arms and the _____ Man
48.2%
Oh God! You _____ Devil
42%
Bop, Look and _____ Listen
40.6%
'Who controls the _____ controls the future...'Past
36.3%
'Discipline is the _____ of an army.'Soul
19.2%

Today's Daily Dose

Missing Word
Bible Verses

Quick Pick
Brad Pitt Roles

On This Day
July 21st II

You're not logged in!

Compare scores with friends on all Sporcle quizzes.
Join for Free
OR
Log In

You Might Also Like...

Show Comments

Extras

Top Quizzes Today


Score Distribution

Your Account Isn't Verified!

In order to create a playlist on Sporcle, you need to verify the email address you used during registration. Go to your Sporcle Settings to finish the process.

Report this User

Report this user for behavior that violates our Community Guidelines.

Details: